Social Problems in India: (Record no. 183586)

MARC details
000 -LEADER
fixed length control field 00579nam a22001937a 4500
005 - DATE AND TIME OF LATEST TRANSACTION
control field 20211229115422.0
010 ## - LCCN (DPL NO)
LC control number ENG-130738
020 ## - INTERNATIONAL STANDARD BOOK NUMBER
International Standard Book Number 978-81-316-1172-2
Terms of availability 1395.00
035 ## - SYSTEM CONTROL NUMBER
System control number EN-114270
037 ## - SOURCE OF ACQUISITION
Source of stock number/acquisition DBAD
082 ## - DEWEY DECIMAL CLASSIFICATION NUMBER
Classification number 361.10954
100 ## - MAIN ENTRY--PERSONAL NAME
Personal name Ahuja, Ram
245 ## - TITLE STATEMENT
Title Social Problems in India:
Statement of responsibility, etc Ram Ahuja
250 ## - EDITION STATEMENT
Edition statement Fourth Edition
Remainder of edition statement Fully Revised and Updated
260 ## - PUBLICATION, DISTRIBUTION, ETC. (IMPRINT)
Place of publication, distribution, etc New Delhi
Name of publisher, distributor, etc Rawat Publications
Date of publication, distribution, etc 2021
270 ## - ADDRESS
Address 4858/24, Ansari Road, Daryaganj
City New Delhi
Postal code 110002
300 ## - PHYSICAL DESCRIPTION
Extent 646p
Dimensions 24cm(hbk)
942 ## - ADDED ENTRY ELEMENTS (KOHA)
Source of classification or shelving scheme Dewey Decimal Classification
Item type English Books
Classification part 361.10954
Call number suffix AHU
Holdings
Withdrawn status Lost status Not for loan Collection code Home library Current library Date acquired Source of acquisition Cost, normal purchase price Full call number Barcode Copy number Cost, replacement price Koha item type
      Non-fiction Patel Nagar Patel Nagar 29/12/2021 DBAD/PUB 1395.00 361.10954 AHU EN-114270 1 1395.00 English Books

© Delhi Public Library
Hit Counter
free hit counter